Funny TV Fathers Quiz Stats

Quiz Updated Jun 19, 2016

Also try: Funny TV Mothers
Challenge
Share
Tweet
Score 0/20 Timer 06:00
5 Plays Today
% Correct
Friends (Ross Geller)
97%
South Park (Randy Marsh)
95.7%
Married... With Children (Al Bundy)
87.9%
Modern Family (Jay Pritchett)
84.3%
The Munsters (Herman Munster)
81.3%
King of the Hill (Hank Hill)
79.3%
Bob's Burgers (Bob Belcher)
78.9%
The Jeffersons (George Jefferson)
75.7%
George Lopez (George Lopez)
75.1%
The Addams Family (Gomez Addams)
74.8%
% Correct
It's Always Sunny in Philadelphia (Frank Reynolds)
74.1%
I Love Lucy (Ricky Ricardo)
73.6%
The Dick Van Dyke Show (Rob Petrie)
72.6%
Sanford and Son (Fred Sanford)
66.8%
The Middle (Mike Heck)
65.4%
Who's the Boss? (Tony Micelli)
65.4%
Black-ish (Dre Johnson)
61.7%
Louie (Louie)
57.4%
Fresh Off the Boat (Louis Huang)
51.7%
The Goldbergs (Murray Goldberg)
51.1%

You're not logged in!

Compare scores with friends on all Sporcle quizzes.
Join for Free
OR
Log In

You Might Also Like...

Show Comments

Extras

Top Quizzes Today


Score Distribution

Your Account Isn't Verified!

In order to create a playlist on Sporcle, you need to verify the email address you used during registration. Go to your Sporcle Settings to finish the process.

Report this User

Report this user for behavior that violates our Community Guidelines.

Details: